000 00676cgm a2200229 4500
001 J1074
008 090401t1985 xxu||||| |||| 00| 0 eng d
035 _a(Sirsi) u41625
041 _aeng
110 _aRoyal Institution of Chartered Surveyors
_94900
245 _aBuilding design by building surveyors
260 _c1985
300 _a1 videocassette (VHS) (7min.) : sd.
350 _a0
520 _aLooks at the role of the building surveyor in the design of various types of building.
650 _aBUILDING SURVEYORS
650 _aDESIGN
650 _aVIDEO CASSETTE
690 _aBUILT ENVIRONMENT-BUILDING INSPECTION
942 _n0
948 _c04/03/1997
999 _c85242
_d85242